| 000 | 005530000a22001810004500 | ||
|---|---|---|---|
| 003 | MACL | ||
| 005 | 20160522114630.0 | ||
| 008 | 160522b xxu||||| |||| 00| 0 eng d | ||
| 040 |
_aMACL _cMACL |
||
| 041 | _aHindi | ||
| 082 | _a891.433 MEV | ||
| 100 |
_aमेवाडी, कमर _958608 |
||
| 245 |
_aउचे कद आदमी _cकमर मेवाडी |
||
| 260 |
_bनटराज प्रकाशन _c2009 _aबीकानेर |
||
| 350 | _a110 | ||
| 650 |
_aकहानियॉ _957133 |
||
| 942 |
_cHIN _k891.433/MEV/S _2ddc |
||
| 999 |
_c45343 _d45343 |
||